Statistiques concernant Villes et clubs de football

Cliquez ici pour prendre le quiz!

Statistiques générales

  • Ce quiz a été pris 1 090 fois
  • Le résultat moyen est 24 sur 38

Statistiques - réponses

ClubVille% Correct
ArsenalLondres
99%
Crystal PalaceLondres
99%
Queens Park RangersLondres
99%
FulhamLondres
99%
MillwallLondres
99%
West HamLondres
99%
ChelseaLondres
99%
TottenhamLondres
99%
BenficaLisbonne
93%
Sporting PortugalLisbonne
93%
CelticGlasgow
89%
RangersGlasgow
89%
BesiktasIstanbul
88%
FenerbahceIstanbul
88%
GalatasarayIstanbul
88%
EvertonLiverpool
83%
TorinoTurin
83%
PanathinaikosAthènes
82%
River PlateBuenos Aires
77%
Boca JuniorsBuenos Aires
77%
FeyenoordRotterdam
72%
Rayo VallecanoMadrid
65%
SampdoriaGênes
58%
Aston VillaBirmingham
55%
Vasco da GamaRio de Janeiro
49%
CorinthiansSao Paulo
48%
PAOKThessalonique
46%
Real SociedadSan Sebastian
41%
FerencvarosBudapest
37%
Tigres UANLMonterrey
29%
Schalke 04Gelsenkirchen
28%
OlympiakosLe Pirée
28%
Orlando PiratesJohannesburg
23%
Sankt PauliHambourg
18%
ZeljeznicarSarajevo
7%
RosenborgTrondheim
7%
Sporting CristalLima
6%
SPALFerrare
4%

Distribution des résultats

Percentile par nombre de réponses

% des personnes avec chaque résultat

Votre développement - résultats

Vous n’avez pas pris ce quiz